The Impatient Manager/ (Record no. 204508)

MARC details
000 -LEADER
fixed length control field 00654 a2200217 4500
003 - CONTROL NUMBER IDENTIFIER
control field dpl
005 - DATE AND TIME OF LATEST TRANSACTION
control field 20240726125818.0
008 - FIXED-LENGTH DATA ELEMENTS--GENERAL INFORMATION
fixed length control field 240726b |||||||| |||| 00| 0 eng d
010 ## - LIBRARY OF CONGRESS CONTROL NUMBER
LC control number ENG-141009
020 ## - INTERNATIONAL STANDARD BOOK NUMBER
International Standard Book Number 9789385985270
Terms of availability 295.00
035 ## - SYSTEM CONTROL NUMBER
System control number EN-124541
037 ## - SOURCE OF ACQUISITION
Source of stock number/acquisition DBAD / PUB
040 ## - CATALOGING SOURCE
Transcribing agency 0
082 14 - DEWEY DECIMAL CLASSIFICATION NUMBER
Classification number 658.409
100 1# - MAIN ENTRY--PERSONAL NAME
Personal name Vieira, Walter
9 (RLIN) 68964
245 1# - TITLE STATEMENT
Title The Impatient Manager/
Statement of responsibility, etc by Walter Vieira
260 ## - PUBLICATION, DISTRIBUTION, ETC. (IMPRINT)
Place of publication, distribution, etc New Delhi
Name of publisher, distributor, etc Sage Publications
Date of publication, distribution, etc 2016
270 ## - ADDRESS
Address B1/11, Mohan Cooperative Industrial Area, Mathura Road
City New Delhi
Postal code 110 044
300 ## - PHYSICAL DESCRIPTION
Extent x,184p.
Dimensions 21cm.(pb)
942 ## - ADDED ENTRY ELEMENTS (KOHA)
Institution code [OBSOLETE] dpl
Koha item type English Books
Source of classification or shelving scheme Dewey Decimal Classification
Classification part 658.409
Call number suffix VLE
Holdings
Withdrawn status Lost status Source of classification or shelving scheme Damaged status Not for loan Collection code Home library Current library Date acquired Source of acquisition Cost, normal purchase price Total Checkouts Full call number Barcode Date last seen Copy number Cost, replacement price Price effective from Koha item type
    Dewey Decimal Classification     Non-fiction Patel Nagar Patel Nagar 26/07/2024 DBAD 295.00   658.409 VLE EN-124541 26/07/2024 1 295.00 26/07/2024 English Books

© Delhi Public Library
Hit Counter
free hit counter